Informácie ako základ

Marketingové prieskumy vo vyspelých krajinách ako základné východisko pri rozhodovaní o ďalšom smerovaní firiem. Založenie, činnosť a dlhodobé ciele agentúry AISA. Podiel kvantitatívnych a kvalitatívnych výskumov na celkovom obrate agentúry AISA.

Salvato in:
Dettagli Bibliografici
Autore principale: Matuška, Daniel
Natura: Capitolo di libro
Lingua:slovacco
Soggetti:
Tags: Aggiungi Tag
Nessun Tag, puoi essere il primo ad aggiungerne!!

MARC

LEADER 00000naa a2200000 4500
001 r040475
005 20230920072653.8
041 0 |a slo 
044 |a SK 
245 1 0 |a Informácie ako základ  |c Daniel Matuška 
520 |a Marketingové prieskumy vo vyspelých krajinách ako základné východisko pri rozhodovaní o ďalšom smerovaní firiem. Založenie, činnosť a dlhodobé ciele agentúry AISA. Podiel kvantitatívnych a kvalitatívnych výskumov na celkovom obrate agentúry AISA. 
610 2 0 |a analýza trhu 
610 2 0 |a prieskum informačný 
610 2 0 |a prieskum spotrebiteľský 
610 2 0 |a prieskum trhu 
610 2 0 |a marketing 
610 2 0 |a manažéri 
610 2 0 |a výskum 
610 2 0 |a agentúry 
610 2 0 |a AISA Slovensko 
100 1 |a Matuška, Daniel